Normal view
MARC view
Entry Personal Name
001 - CONTROL NUMBER
- control field: 12960
003 - CONTROL NUMBER IDENTIFIER
- control field: dpl
005 - DATE AND TIME OF LATEST TRANSACTION
- control field: 20100813163309.0
008 - FIXED-LENGTH DATA ELEMENTS
- fixed length control field: 100813|||a|||||| | ||| d
040 ## - CATALOGING SOURCE
- Original cataloging agency: dpl
- Transcribing agency: dpl
100 ## - HEADING--PERSONAL NAME
- Personal name: Sharma, O. P.
670 ## - SOURCE DATA FOUND
- Source citation: Work cat.: (dpl): Sharma, O. P., Tulsi Ramayan in action :, 2004
670 ## - SOURCE DATA FOUND
- Source citation: Work cat.: (dpl): Sharma, O. P., Tulsi Ramayan in action :, 2004
